000 01003nam a22001817a 4500
003 OSt
005 20251119091036.0
008 251119b |||||||| |||| 00| 0 eng d
040 _cDCL
082 _a၂၉၄.၃၈၂၃၅၇
130 _aတိပိဋက။
_pသုတ္တန္တပိဋက။
_pခုဒ္ဒကနိကာယ။
_tဗုဒ္ဓဝံသ၊
_lအဋ္ဌကထာ၊
_sနိဿယ။
245 _aဗုဒ္ဓဝံသအဋ္ဌကထာနိဿယ ၊
_nဒုတိယတွဲ /
_cဆရာတော် ဘဒ္ဒန္တကောဝိဒါဘိဝံသ။
264 _aရန်ကုန် ၊
_bရွှေလသာစာပေ၊
_c၂၀၁၇။
300 _a၄၉၆ စာမျက်နှာ ၊
_c၂၅ စင်တီ။
650 _aဗုဒ္ဓဝံသ
_vအဋ္ဌကထာနိဿယ။
700 _aကောဝိဒါဘိဝံသ၊ ဘဒ္ဒန္တ
942 _2ddc
_cSHORT TERM
_n0
999 _c2532
_d2532